Statistics for Top Movie Producing Countries

Click here to take the quiz!

General Stats

  • This quiz has been taken 12,956 times
    (12,323 since last reset)
  • The average score is 17 of 20

Answer Stats

# Country % Correct
791United States
100%
1907India
99%
298United Kingdom
97%
300France
97%
752China
97%
226Germany
95%
121Russia
94%
581Japan
94%
140Mexico
93%
255Spain
92%
129Brazil
92%
103Canada
91%
185Italy
91%
182Argentina
77%
269South Korea
77%
86Indonesia
68%
137Turkey
65%
997Nigeria
63%
87Netherlands
58%
102Switzerland
41%

Score Distribution

Percentile by Number Answered

Percent of People with Each Score

Your Score History

You have not taken this quiz since the last reset